Países que contêm uma letra - EE+ - Statistics

Estatísticas Gerais
  • Esse quiz foi jogado 138 vezes
  • A pontuação média é 14 de 26
Estatísticas das Respostas
Categoria País % Correto
3 x E Venezuela
78%
2 x E Emirados Árabes Unidos
75%
2 x E Eslovénia
74%
4 x E Estados Federados da Micronésia
73%
2 x E República Democrática do Congo
71%
2 x E Eritreia
68%
2 x E Guiné Equatorial
64%
2 x E República Checa
64%
2 x E Belize
62%
2 x E Coreia do Norte
62%
2 x E República Centro-Africana
58%
3 x E Liechtenstein
56%
3 x E São Tomé e Príncipe
56%
3 x E São Vicente e Granadinas
56%
2 x E Senegal
55%
2 x E Montenegro
49%
2 x E São Cristóvão e Nevis
48%
3 x E Bósnia e Herzegovina
47%
2 x E Iémen
47%
2 x E Macedónia do Norte
47%
2 x E Seychelles
47%
3 x E Serra Leoa
45%
2 x E Timor-Leste
36%
2 x E Turquemenistão
32%
2 x E Cabo Verde
30%
2 x E Vietname
27%
Nenhum quiz correspondente encontrado
Distribuição das Pontuações
Porcentagem de Pessoas com Cada Pontuação
Percentil de Números Respondidos
Sua Pontuação Histórica
Você não jogou esse quiz